|
|
|
|
| LEADER |
00000nab a2200000 a 4500 |
| 001 |
vtls000909430 |
| 003 |
SK-MaSNL |
| 005 |
20260303193528.0 |
| 008 |
040720e20020628xo 0 slo |
| 035 |
|
|
|a KE18358
|
| 040 |
|
|
|a KEVKJB
|b slo
|c KEVKJB
|e AACR2
|
| 041 |
0 |
|
|a slo
|
| 044 |
|
|
|a xo
|c SK
|
| 080 |
|
|
|a 943.767.1
|2 1981
|
| 080 |
|
|
|a 912
|2 1981
|
| 100 |
1 |
|
|a Duchoň, Jozef
|4 aut
|9 317656
|
| 245 |
1 |
0 |
|a Anton Berčinský
|b Plán, čo zázrakom prežil Zabudnutý slovenský geometer
|
| 300 |
|
|
|b 3 obr.
|
| 650 |
0 |
7 |
|a plány
|2 KEVKJB
|9 939
|
| 650 |
0 |
7 |
|a mapy
|2 KEVKJB
|9 871
|
| 650 |
0 |
7 |
|a Berčinského plán
|2 KEVKJB
|9 1224795
|
| 650 |
0 |
7 |
|a mestská lúka
|2 KEVKJB
|9 1224796
|
| 650 |
0 |
7 |
|a obsah
|2 KEVKJB
|9 887678
|
| 650 |
0 |
7 |
|a popis
|2 KEVKJB
|9 556565
|
| 650 |
0 |
7 |
|a legenda latinská
|2 KEVKJB
|9 1224797
|
| 651 |
|
7 |
|a Košice (Slovensko)
|2 KEVKJB
|9 18694
|
| 651 |
|
7 |
|a KE,
|2 KEVKJB
|9 877256
|
| 655 |
|
7 |
|a periodikum
|2 snkbucl
|9 29553
|
| 655 |
|
7 |
|a štúdie
|2 KEVKJB
|9 57033
|
| 773 |
0 |
8 |
|t Košický večer
|g Roč. 13
|g Roč. 34, 28.6.2002, s. 5
|
| 773 |
0 |
8 |
|i Príl.:
|t Magazín. - Roč. 7, č. 26 (2002)
|
| 852 |
|
|
|a ZVYKNI
|b KIS3GCP
|
| 999 |
|
|
|c 2152880
|d 2154810
|